[Event "Marshall IM-C"]
[Site "New York"]
[Date "2025.05.25"]
[Round "6"]
[White "Lenderman, Aleksandr"]
[Black "Berczes, David"]
[Result "1/2-1/2"]
[WhiteElo "2458"]
[BlackElo "2397"]
[PlyCount "31"]
[EventDate "2025.05.22"]
[EventType "tourn"]
[EventRounds "9"]
[EventCountry "USA"]
[SourceTitle "CB22_2025"]
[SourceDate "2025.05.28"]
[SourceVersion "1"]
[SourceVersionDate "2025.05.28"]
[SourceQuality "1"]

1. d4 d5 2. c4 c6 3. cxd5 cxd5 4. Nf3 Nf6 5. Nc3 Nc6 6. Bf4 Bf5 7. e3 e6 8. Bd3 Bxd3 9. Qxd3 Bd6 10. Bxd6 Qxd6 11. 0-0 0-0 12. Rac1 Rfc8 13. Rfd1 h6 14. h3 Nd7 15. Ne2 Ne7 16. Rxc8+ 1/2-1/2

[Event "Marshall IM-C"]
[Site "New York"]
[Date "2025.05.24"]
[Round "5"]
[White "Pressman, Leif"]
[Black "Lenderman, Aleksandr"]
[Result "1/2-1/2"]
[WhiteElo "2219"]
[BlackElo "2458"]
[PlyCount "46"]
[EventDate "2025.05.22"]
[EventType "tourn"]
[EventRounds "9"]
[EventCountry "USA"]
[SourceTitle "CB22_2025"]
[SourceDate "2025.05.28"]
[SourceVersion "1"]
[SourceVersionDate "2025.05.28"]
[SourceQuality "1"]

1. e4 e6 2. d4 d5 3. Nc3 Bb4 4. e5 c5 5. a3 Ba5 6. b4 cxd4 7. Qg4 Kf8 8. bxa5 dxc3 9. Qb4+ Ne7 10. Qxc3 d4 11. Qd2 Nbc6 12. Nf3 Qxa5 13. Qxa5 Nxa5 14. Nxd4 Bd7 15. Bd2 Nac6 16. Nxc6 Bxc6 17. f3 Ke8 18. Kf2 Rc8 19. Bd3 Bd5 20. Rhe1 Bc4 21. Be4 Bd5 22. Bd3 Bc4 23. Be4 Bd5 1/2-1/2

[Event "Marshall IM-C"]
[Site "New York"]
[Date "2025.05.22"]
[Round "1"]
[White "Lenderman, Aleksandr"]
[Black "Iinuma, Paul Y"]
[Result "1-0"]
[WhiteElo "2458"]
[BlackElo "2075"]
[PlyCount "67"]
[EventDate "2025.05.22"]
[EventType "tourn"]
[EventRounds "9"]
[EventCountry "USA"]
[SourceTitle "CB22_2025"]
[SourceDate "2025.05.28"]
[SourceVersion "1"]
[SourceVersionDate "2025.05.28"]
[SourceQuality "1"]

1. d4 Nf6 2. Nf3 e6 3. g3 d5 4. Bg2 c5 5. 0-0 cxd4 6. Nxd4 Be7 7. c4 e5 8. Nf3 e4 9. Nd4 0-0 10. cxd5 Qxd5 11. Nc3 Qh5 12. Nxe4 Rd8 13. e3 Bg4 14. Qb3 Nc6 15. Qxb7 Nxd4 16. exd4 Nxe4 17. Bxe4 Bf6 18. Be3 a5 19. Rfc1 Rab8 20. Qa7 Rb5 21. a4 Rbd5 22. Bxd5 Qxd5 23. Qc5 Qf3 24. Qc6 Qf5 25. Rc5 Qd3 26. Rxa5 h5 27. Ra8 Rxa8 28. Qxa8+ Kh7 29. h4 Qf5 30. Rc1 Bxh4 31. gxh4 Bf3 32. Qb8 Bd5 33. Qg3 Qe4 34. Kh2 1-0

[Event "New York President's Day GM-A"]
[Site "New York"]
[Date "2025.02.17"]
[Round "7"]
[White "Lenderman, Aleksandr"]
[Black "Gauri, Shankar"]
[Result "1/2-1/2"]
[WhiteElo "2480"]
[BlackElo "2360"]
[PlyCount "30"]
[EventDate "2025.02.14"]
[EventType "tourn"]
[EventRounds "9"]
[EventCountry "USA"]
[EventCategory "6"]
[SourceTitle "CB08_2025"]
[SourceDate "2025.02.19"]
[SourceVersion "1"]
[SourceVersionDate "2025.02.19"]
[SourceQuality "1"]

1. d4 Nf6 2. c4 e6 3. Nf3 b6 4. e3 Bb7 5. Bd3 d5 6. 0-0 Bd6 7. b3 Nbd7 8. cxd5 exd5 9. Ba3 c5 10. Nc3 0-0 11. Nb5 Be7 12. Rc1 Re8 13. Bb2 a6 14. Nc3 Bd6 15. Qe2 Ne4 1/2-1/2

[Event "Wch Blitz"]
[Site "New York"]
[Date "2024.12.30"]
[Round "12"]
[White "Bluebaum, Matthias"]
[Black "Lenderman, Aleksandr"]
[Result "1/2-1/2"]
[WhiteElo "2650"]
[BlackElo "2480"]
[PlyCount "61"]
[EventDate "2024.12.30"]
[EventType "swiss (blitz)"]
[EventRounds "13"]
[EventCountry "USA"]
[SourceTitle "CB01_2025"]
[SourceDate "2025.01.01"]
[SourceVersion "1"]
[SourceVersionDate "2025.01.01"]
[SourceQuality "1"]

1. d4 e6 2. c4 b6 3. a3 Bb7 4. Nc3 f5 5. Bf4 Nf6 6. e3 Be7 7. h4 a6 8. Nf3 Bd6 9. Bxd6 cxd6 10. d5 Qe7 11. Be2 0-0 12. 0-0 b5 13. dxe6 dxe6 14. cxb5 axb5 15. Nxb5 Ne4 16. Rc1 Na6 17. Ng5 Nxg5 18. Qxd6 Nh3+ 19. gxh3 Qxh4 20. Kh2 f4 21. Qxe6+ Kh8 22. Nd6 Rf6 23. Qe7 Bd5 24. Ne8 Rg6 25. Qxh4 Rg2+ 26. Kh1 Rxf2+ 27. Bf3 Bxf3+ 28. Kg1 Rg2+ 29. Kh1 Rf2+ 30. Kg1 Rg2+ 31. Kh1 1/2-1/2

[Event "Wch Blitz"]
[Site "New York"]
[Date "2024.12.30"]
[Round "8"]
[White "Le, Quang Liem"]
[Black "Lenderman, Aleksandr"]
[Result "0-1"]
[WhiteElo "2739"]
[BlackElo "2480"]
[PlyCount "86"]
[EventDate "2024.12.30"]
[EventType "swiss (blitz)"]
[EventRounds "13"]
[EventCountry "USA"]
[SourceTitle "CB01_2025"]
[SourceDate "2025.01.01"]
[SourceVersion "1"]
[SourceVersionDate "2025.01.01"]
[SourceQuality "1"]

1. d4 e6 2. c4 b6 3. Nf3 Bb7 4. g3 Bb4+ 5. Bd2 Bxf3 6. exf3 Bxd2+ 7. Qxd2 Nf6 8. Nc3 0-0 9. Be2 d5 10. Rd1 Nc6 11. 0-0 dxc4 12. Bxc4 Ne7 13. Rfe1 c6 14. Ne4 Nfd5 15. f4 Qd7 16. Ng5 h6 17. Nf3 Rfd8 18. a3 Qd6 19. Ba2 Rac8 20. Qd3 Nf5 21. Ne5 Rc7 22. Rd2 g6 23. Qf3 Kg7 24. h4 h5 25. Qe2 Nf6 26. Nf3 Re7 27. Bb1 Ree8 28. Qe5 Nh6 29. Rc1 Nhg4 30. Qe2 Rc8 31. Ne5 Rc7 32. Bd3 Nh6 33. Rdc2 Nf5 34. Nxc6 Rec8 35. Qe5 Rxc6 36. Qxd6 Rxc2 37. Qe5 Rxc1+ 38. Kg2 Rd8 39. Bxf5 gxf5 40. Qe3 Rd1 41. Qc3 R8xd4 42. Qc7 R1d2 43. Qxa7 Ng4 0-1

[Event "Wch Blitz"]
[Site "New York"]
[Date "2024.12.30"]
[Round "1"]
[White "Lenderman, Aleksandr"]
[Black "Al Tarboush, Ward"]
[Result "1-0"]
[WhiteElo "2480"]
[BlackElo "2248"]
[PlyCount "253"]
[EventDate "2024.12.30"]
[EventType "swiss (blitz)"]
[EventRounds "13"]
[EventCountry "USA"]
[SourceTitle "CB01_2025"]
[SourceDate "2025.01.01"]
[SourceVersion "1"]
[SourceVersionDate "2025.01.01"]
[SourceQuality "1"]

1. d4 d5 2. c4 c6 3. Nf3 Nf6 4. e3 e6 5. Nbd2 c5 6. cxd5 exd5 7. b3 Nc6 8. Bb2 cxd4 9. Nxd4 Bc5 10. Nxc6 bxc6 11. Qc2 Qd6 12. Rc1 Bb4 13. Bxf6 Qxf6 14. Qxc6+ Qxc6 15. Rxc6 0-0 16. Bd3 Bb7 17. Rc7 Rab8 18. Ke2 d4 19. e4 Rfc8 20. Rhc1 Bc3 21. Rxc8+ Rxc8 22. f3 Re8 23. Nc4 Re7 24. Nd6 Bc6 25. Nf5 Rd7 26. Nxd4 Bxd4 27. Rxc6 g6 28. Bc4 Bb6 29. f4 Kg7 30. Bd5 f5 31. g3 fxe4 32. Bxe4 Re7 33. Kf3 Rd7 34. Rc2 Rd1 35. Kg4 h5+ 36. Kh3 Rd6 37. Re2 Kf6 38. Bc2 Rc6 39. Kg2 Rc3 40. h3 Be3 41. Be4 h4 42. gxh4 Bxf4 43. Rf2 Ke5 44. Bf3 Be3 45. Re2 Kf4 46. h5 gxh5 47. Bxh5 Rc1 48. Bg4 Rg1+ 49. Kh2 Ra1 50. Rc2 Bd4 51. Bc8 Kg5 52. Kg2 Kf4 53. Bb7 Rg1+ 54. Kh2 Rd1 55. Rg2 Be5 56. Rf2+ Ke3+ 57. Kg2 Rd7 58. Bf3 Bf6 59. Re2+ Kd3 60. Re4 Rg7+ 61. Rg4 Rc7 62. Ra4 Bd4 63. Kg3 Rg7+ 64. Bg4 Be5+ 65. Kg2 Bd4 66. Rc4 Bb6 67. Kf3 Rf7+ 68. Kg3 Rf1 69. Kh4 Ra1 70. Ra4 Ke3 71. Kh5 Rc1 72. Bf5 Rc5 73. Kg4 Rc7 74. Re4+ Kf2 75. Bg6 Rg7 76. Re6 Rd7 77. h4 Rd4+ 78. Be4 Rd1 79. h5 Rg1+ 80. Kf5 Be3 81. Rg6 Ra1 82. Rg2+ Kf1 83. Rc2 Rd1 84. Bf3 Rd8 85. Rh2 Rf8+ 86. Ke4 Bh6 87. Rh3 Rf4+ 88. Ke5 Rf8 89. Bd5 Kf2 90. Rh2+ Ke3 91. Rh3+ Kf2 92. Ke6 Ke2 93. a4 a5 94. Rg3 Rd8 95. Rg6 Bf4 96. Bc4+ Kd2 97. h6 Rh8 98. Kf5 Bxh6 99. Ra6 Rf8+ 100. Kg6 Be3 101. Rxa5 Kc3 102. Rb5 Kd4 103. a5 Ra8 104. Kf5 Kc3 105. Re5 Bd4 106. Rd5 Rf8+ 107. Ke6 Rf6+ 108. Ke7 Rh6 109. a6 Bg1 110. Kd7 Kb4 111. Rb5+ Ka3 112. Rb7 Rh7+ 113. Kc6 Rh6+ 114. Kd5 Rh5+ 115. Ke4 Rh4+ 116. Kf5 Rh5+ 117. Kg4 Ra5 118. Kf3 Rf5+ 119. Ke4 Rh5 120. Kd3 Rh3+ 121. Ke2 Rh5 122. Bd3 Bc5 123. Rb5 Rh2+ 124. Kf3 Ba7 125. Rb7 Bd4 126. a7 Rh3+ 127. Kg2 1-0

[Event "Wch Rapid"]
[Site "New York"]
[Date "2024.12.26"]
[Round "1"]
[White "Lenderman, Aleksandr"]
[Black "Tang, Andrew"]
[Result "1-0"]
[WhiteElo "2621"]
[BlackElo "2425"]
[PlyCount "123"]
[EventDate "2024.12.26"]
[EventType "swiss (rapid)"]
[EventRounds "13"]
[EventCountry "USA"]
[SourceTitle "CB01_2025"]
[SourceDate "2025.01.01"]
[SourceVersion "1"]
[SourceVersionDate "2025.01.01"]
[SourceQuality "1"]

1. d4 d5 2. c4 e6 3. Nc3 Nf6 4. Nf3 Be7 5. g3 0-0 6. Bg2 c6 7. 0-0 Nbd7 8. Qd3 b6 9. e4 Ba6 10. b3 Rc8 11. Rd1 h6 12. Bf4 c5 13. exd5 exd5 14. Qc2 dxc4 15. d5 Re8 16. bxc4 Bxc4 17. Nd2 Ba6 18. Qa4 Bd3 19. d6 Bf8 20. Qxa7 b5 21. Nf1 Bxf1 22. Bxf1 b4 23. Nb5 Ra8 24. Qc7 Qb8 25. Be3 Rc8 26. Qxb8 Rcxb8 27. Nc7 Ra3 28. Na6 Rc8 29. Rac1 Rc6 30. Nxc5 Nxc5 31. Bxc5 Rxa2 32. Bxb4 Rxc1 33. Rxc1 Rb2 34. Bc3 Rb8 35. Bxf6 gxf6 36. d7 Rd8 37. Bh3 Bb4 38. Rc8 Ba5 39. Kg2 Kf8 40. Kf3 Ke7 41. Bf5 Bb6 42. h4 Ba7 43. Rc2 Bb6 44. Kg4 Kf8 45. Kh5 Kg7 46. Rc8 Ba5 47. f4 Bb6 48. Kg4 Kf8 49. Rc6 Bd4 50. Rd6 Bc3 51. Rd3 Bb4 52. Kh5 Kg7 53. Re3 Ba5 54. Re8 Bb6 55. Kg4 Ba5 56. h5 Bb6 57. Kf3 Ba5 58. Ke4 Bb6 59. Kd5 Bc7 60. Kc6 Ba5 61. Kb7 Bb6 62. Rxd8 1-0

[Event "New York 1924 Centennial"]
[Site "New York"]
[Date "2024.07.21"]
[Round "8"]
[White "Lenderman, Aleksandr"]
[Black "Vioreanu, Bogdan Gabriel"]
[Result "1-0"]
[WhiteElo "2517"]
[BlackElo "2406"]
[PlyCount "96"]
[EventDate "2024.07.17"]
[EventType "swiss"]
[EventRounds "9"]
[EventCountry "USA"]
[SourceTitle "CBM 221 Extra"]
[Source "ChessBase"]
[SourceDate "2024.09.30"]
[SourceVersion "1"]
[SourceVersionDate "2024.09.30"]
[SourceQuality "1"]

1. Nf3 d5 2. e3 Nf6 3. c4 e6 4. b3 Be7 5. Bb2 0-0 6. Nc3 b6 7. cxd5 exd5 8. d4 Ne4 9. Bd3 Nxc3 10. Bxc3 Ba6 11. 0-0 Bxd3 12. Qxd3 Nd7 13. Rac1 Bd6 14. Qb5 Nf6 15. Bb4 a6 16. Qa4 Ne4 17. Bxd6 cxd6 18. b4 b5 19. Qb3 Nf6 20. Rc6 Qd7 21. Rfc1 Rfc8 22. Qc2 Rxc6 23. Qxc6 Qxc6 24. Rxc6 Ne8 25. Ne1 Kf8 26. Rb6 Ra7 27. Nd3 Ke7 28. Kf1 Kd7 29. Rb8 Nc7 30. Rg8 Ne8 31. Nf4 a5 32. a3 axb4 33. axb4 Ra2 34. Nxd5 f6 35. Rf8 Ke6 36. e4 Ra8 37. g4 Kd7 38. Rf7+ Kc6 39. Re7 h6 40. h4 Rc8 41. h5 Ra8 42. Kg2 Rc8 43. Kg3 Ra8 44. Kf4 Rc8 45. Kf5 Ra8 46. Kg6 Rc8 47. Kf7 f5 48. Rxe8 Kd7 1-0

[Event "New York 1924 Centennial"]
[Site "New York"]
[Date "2024.07.19"]
[Round "5"]
[White "Lancman, Kyle"]
[Black "Lenderman, Aleksandr"]
[Result "0-1"]
[WhiteElo "2075"]
[BlackElo "2517"]
[PlyCount "146"]
[EventDate "2024.07.17"]
[EventType "swiss"]
[EventRounds "9"]
[EventCountry "USA"]
[SourceTitle "CBM 221 Extra"]
[Source "ChessBase"]
[SourceDate "2024.09.30"]
[SourceVersion "1"]
[SourceVersionDate "2024.09.30"]
[SourceQuality "1"]

1. e4 c5 2. Nf3 Nf6 3. e5 Nd5 4. Nc3 e6 5. Nxd5 exd5 6. d4 Nc6 7. dxc5 Bxc5 8. Bd3 d6 9. exd6 0-0 10. 0-0 Qxd6 11. h3 Re8 12. Kh1 h6 13. c3 Qf6 14. Bc2 Bf5 15. Bxf5 Qxf5 16. Kg1 Re6 17. Nd4 Bxd4 18. cxd4 Rg6 19. Kh2 Qe4 20. f3 Qxd4 21. Qxd4 Nxd4 22. Rd1 Nc2 23. Rb1 Re8 24. Rd2 Ne1 25. b3 Rge6 26. Kg1 Re2 27. Rbb2 Nxf3+ 28. gxf3 Re1+ 29. Kg2 Rxc1 30. Rxd5 Rc7 31. Rbd2 b6 32. h4 g6 33. Kg3 Ree7 34. Rd6 h5 35. R2d4 Kg7 36. Rd2 Rc3 37. Rd7 Re4 38. R2d4 Rxd4 39. Rxd4 Rc2 40. a4 Rb2 41. Rb4 Kf6 42. Rb5 Rc2 43. Rb4 Rc5 44. Re4 Rc7 45. Rb4 Rc6 46. Kf4 Rc5 47. Rd4 Ke6 48. Re4+ Kd6 49. Rd4+ Rd5 50. Rc4 Rc5 51. Rd4+ Kc6 52. Rd8 Rf5+ 53. Ke4 Kc5 54. Rd7 a5 55. Rb7 Rf6 56. Rd7 Kb4 57. Rd3 Rc6 58. Ke5 Rc3 59. Rd6 Kxb3 60. Rxb6+ Kxa4 61. f4 Rc5+ 62. Ke4 Rf5 63. Rb1 Ka3 64. Ra1+ Kb2 65. Ra4 Kb3 66. Rd4 a4 67. Rd3+ Kc2 68. Rf3 Ra5 69. Kd4 a3 70. Rf2+ Kb3 71. Rf3+ Kb4 72. Rf2 a2 73. Rb2+ Ka3 0-1

[Event "New York 1924 Centennial"]
[Site "New York"]
[Date "2024.07.18"]
[Round "3"]
[White "Lenderman, Aleksandr"]
[Black "Vinod, Aarush"]
[Result "1/2-1/2"]
[WhiteElo "2517"]
[BlackElo "2045"]
[PlyCount "39"]
[EventDate "2024.07.17"]
[EventType "swiss"]
[EventRounds "9"]
[EventCountry "USA"]
[SourceTitle "CBM 221 Extra"]
[Source "ChessBase"]
[SourceDate "2024.09.30"]
[SourceVersion "1"]
[SourceVersionDate "2024.09.30"]
[SourceQuality "1"]

1. Nf3 Nf6 2. g3 g6 3. b3 Bg7 4. Bb2 0-0 5. Bg2 d6 6. d4 b5 7. 0-0 Bb7 8. Qd3 a6 9. Nbd2 Nbd7 10. c4 bxc4 11. Nxc4 c5 12. Rfd1 cxd4 13. Qxd4 a5 14. Rac1 Ra6 15. Na3 Rb6 16. Qc3 Qa8 17. Qe1 Nc5 18. Nc4 Ra6 19. Bc3 Nce4 20. Bxf6 1/2-1/2

[Event "New York 1000 GM Summer GM-B"]
[Site "New York"]
[Date "2024.07.12"]
[Round "5"]
[White "Lenderman, Aleksandr"]
[Black "Mirzoev, Azer"]
[Result "1/2-1/2"]
[WhiteElo "2517"]
[BlackElo "2445"]
[PlyCount "31"]
[EventDate "2024.07.09"]
[EventType "tourn"]
[EventRounds "9"]
[EventCountry "USA"]
[EventCategory "7"]
[SourceTitle "CBM 221 Extra"]
[Source "ChessBase"]
[SourceDate "2024.09.30"]
[SourceVersion "1"]
[SourceVersionDate "2024.09.30"]
[SourceQuality "1"]

1. d4 d5 2. c4 e6 3. Nf3 Nf6 4. g3 Bb4+ 5. Bd2 Bd6 6. Nc3 0-0 7. Bg2 c6 8. Bg5 Nbd7 9. 0-0 h6 10. Bxf6 Nxf6 11. Nd2 e5 12. dxe5 Bxe5 13. cxd5 Bxc3 14. bxc3 Nxd5 15. Qc2 Qe7 16. Rfe1 1/2-1/2

[Event "New York 1000 GM Summer GM-B"]
[Site "New York"]
[Date "2024.07.10"]
[Round "2"]
[White "Shlyakhtenko, Robert"]
[Black "Lenderman, Aleksandr"]
[Result "1/2-1/2"]
[WhiteElo "2412"]
[BlackElo "2517"]
[PlyCount "55"]
[EventDate "2024.07.09"]
[EventType "tourn"]
[EventRounds "9"]
[EventCountry "USA"]
[EventCategory "7"]
[SourceTitle "CBM 221 Extra"]
[Source "ChessBase"]
[SourceDate "2024.09.30"]
[SourceVersion "1"]
[SourceVersionDate "2024.09.30"]
[SourceQuality "1"]

1. d4 d5 2. c4 c5 3. cxd5 Nf6 4. Nf3 cxd4 5. Qd2 d3 6. Qxd3 Qxd5 7. Qd4 Qxd4 8. Nc3 a6 9. Nxd4 e5 10. g3 Nc6 11. Nb3 a5 12. Bg2 a4 13. Bg5 Bd7 14. Nd2 Be6 15. 0-0 h6 16. Bxf6 gxf6 17. Nd5 0-0-0 18. Nc4 Kb8 19. Ncb6 f5 20. Rfd1 e4 21. Nc3 Rxd1+ 22. Rxd1 a3 23. bxa3 Bxa3 24. Nb5 Be7 25. Nd7+ Kc8 26. Nb6+ Kb8 27. Nd7+ Kc8 28. Nb6+ 1/2-1/2

[Event "Titled Tuesday intern op 26th Dec Late"]
[Site "Chess.com INT"]
[Date "2023.12.26"]
[Round "3"]
[White "Hua, Lefong"]
[Black "Lenderman, Aleksandr"]
[Result "1/2-1/2"]
[WhiteElo "2305"]
[BlackElo "2521"]
[PlyCount "81"]
[EventDate "2023.12.26"]
[EventType "swiss (blitz)"]
[EventRounds "11"]
[EventCountry "USA"]
[SourceTitle "EXT 2025"]
[Source "ChessBase"]
[SourceDate "2024.10.14"]
[SourceVersion "1"]
[SourceVersionDate "2024.10.14"]
[SourceQuality "1"]

1. d4 e6 2. c4 b6 3. Nc3 Bb7 4. e4 Bb4 5. f3 f5 6. exf5 Nh6 7. Bd3 0-0 8. Nge2 Nxf5 9. 0-0 Nc6 10. a3 Be7 11. Be4 Nd6 12. Bd3 Bf6 13. Be3 g6 14. Ne4 Nf5 15. Nxf6+ Qxf6 16. Bxf5 exf5 17. d5 Ne5 18. Bd4 Qe7 19. b3 Rae8 20. Re1 c5 21. Bb2 Qh4 22. Ng3 d6 23. Qd2 Bc8 24. f4 Ng4 25. Nf1 Re4 26. g3 Qe7 27. Rxe4 fxe4 28. Re1 h5 29. Ne3 Nxe3 30. Rxe3 Bf5 31. Qc3 Kh7 32. h4 Re8 33. a4 a6 34. Kf2 Rb8 35. Re1 Qf8 36. Ra1 Qe7 37. Ke3 Qf8 38. Ra2 Qe7 39. Ra1 Qf8 40. Ra2 Qe7 41. Ra1 1/2-1/2